00374nam a2200121Ia 4500008004100000020005500041040000800096082001600104100002700120245006100147260000900208264003500217231129s2002||||xx |||||||||||||| ||spa|| a958-8075-52-1  bspa a352.4 V433f aVelasco Ulloa Orlando 0aFinanzas públicas el presupuesto y la Ley 715 de 2001 c2002 aBiblioteca Jurí­dica Diké